Territorial conflicts in world society : (Record no. 12420)
[ view plain ]
| 000 -LEADER | |
|---|---|
| fixed length control field | 02419cam a22003498a 4500 |
| 001 - CONTROL NUMBER | |
| control field | 14582620 |
| 005 - DATE AND TIME OF LATEST TRANSACTION | |
| control field | 20061113094037.0 |
| 008 - FIXED-LENGTH DATA ELEMENTS--GENERAL INFORMATION | |
| fixed length control field | 061004s2007 nyu b 001 0 eng |
| 010 ## - LIBRARY OF CONGRESS CONTROL NUMBER | |
| LC control number | 2006033125 |
| 020 ## - INTERNATIONAL STANDARD BOOK NUMBER | |
| International Standard Book Number | 9780415543606 (hardback : alk. paper) |
| 020 ## - INTERNATIONAL STANDARD BOOK NUMBER | |
| International Standard Book Number | 0415416744 (hbk) |
| 020 ## - INTERNATIONAL STANDARD BOOK NUMBER | |
| International Standard Book Number | 0415543606 (pbk) |
| 020 ## - INTERNATIONAL STANDARD BOOK NUMBER | |
| International Standard Book Number | 0203962842(ebk) |
| 040 ## - CATALOGING SOURCE | |
| Original cataloging agency | DLC |
| Transcribing agency | DLC |
| Modifying agency | DLC |
| 050 00 - LIBRARY OF CONGRESS CALL NUMBER | |
| Classification number | JZ6368 |
| Item number | .T47 2007 |
| 082 00 - DEWEY DECIMAL CLASSIFICATION NUMBER | |
| Classification number | 327.117 |
| Edition number | 22 |
| Item number | STE |
| 245 00 - TITLE STATEMENT | |
| Title | Territorial conflicts in world society : |
| Remainder of title | Modern systems theory, international relations and conflict studies / |
| Statement of responsibility, etc | Edited by Stephan Stetter. |
| 260 ## - PUBLICATION, DISTRIBUTION, ETC. (IMPRINT) | |
| Place of publication, distribution, etc | New York : |
| Name of publisher, distributor, etc | Routledge, |
| Date of publication, distribution, etc | c2007. |
| 263 ## - PROJECTED PUBLICATION DATE | |
| Projected publication date | 0706 |
| 300 ## - PHYSICAL DESCRIPTION | |
| Extent | xiv, 238 p.: |
| Dimensions | 24 cm. |
| 500 ## - GENERAL NOTE | |
| General note | Transferred to digital printing 2009. |
| 504 ## - BIBLIOGRAPHY, ETC. NOTE | |
| Bibliography, etc | Includes bibliographical references and index. |
| 505 0# - FORMATTED CONTENTS NOTE | |
| Formatted contents note | Introduction : points of encounter / Stephan Stetter -- Debordering by human rights : the challenge of postterritorial conflicts in world society / Thorsten Bonacker -- Regions of conflict in world society : the place of the Middle East and Sub-Saharan Africa / Stephan Stetter -- Theories of world society and war : Luhmann and the alternatives / Klaus Schlichte -- The autopoiesis of conflict transformation : an example of a "butterfly effect" in Greek-Turkish relations / Eugenia Vathakou -- Contradiction, conflict, and borders / Heinz Messmer -- Addresses in world societal conflicts : a systems theoretical contribution to the theory of the state in international relations / Werner Schirmer -- Conflicts of laws : comparing autochthonous legal cultures / Alain Pottage -- "Just peace" revisited : international law in the era of assymetry / Achilles Skordas -- The irony of terror : the morality-sensitive nerve in the criticism of violence / Gertrud Br�ucher -- Conclusion : points of departure / Mathias Albert. |
| 650 #0 - SUBJECT ADDED ENTRY--TOPICAL TERM | |
| Topical term or geographic name as entry element | Conflict management. |
| 9 (RLIN) | 8129 |
| 650 #0 - SUBJECT ADDED ENTRY--TOPICAL TERM | |
| Topical term or geographic name as entry element | Social systems. |
| 9 (RLIN) | 8130 |
| 650 #0 - SUBJECT ADDED ENTRY--TOPICAL TERM | |
| Topical term or geographic name as entry element | International relations. |
| 9 (RLIN) | 8131 |
| 700 1# - ADDED ENTRY--PERSONAL NAME | |
| Personal name | Stetter, Stephan, |
| Dates associated with a name | 1972- |
| 9 (RLIN) | 8132 |
| 856 41 - ELECTRONIC LOCATION AND ACCESS | |
| Materials specified | Table of contents only |
| Uniform Resource Identifier | <a href="http://www.loc.gov/catdir/toc/ecip072/2006033125.html">http://www.loc.gov/catdir/toc/ecip072/2006033125.html</a> |
| 942 ## - ADDED ENTRY ELEMENTS (KOHA) | |
| Source of classification or shelving scheme | Dewey Decimal Classification |
| Item type | Book - Borrowing |
| Withdrawn status | Item status | Source of classification or shelving scheme | Damaged status | Not for loan | Vendor | Home library | Current library | Shelving location | Date acquired | Source of acquisition | Cost, normal purchase price | Serial Enumeration / chronology | Total Checkouts | Total Renewals | Full call number | Barcode | Date last seen | Date last borrowed | Koha item type |
|---|---|---|---|---|---|---|---|---|---|---|---|---|---|---|---|---|---|---|---|
| Dewey Decimal Classification | Baccah | Central Library | Central Library | First floor | 27/07/2009 | 240.00 | 8324 | 5 | 5 | 327.117 STE | 000017584 | 15/07/2025 | 26/04/2015 | Book - Borrowing |